000 01652nam a2200373Ia 4500
001 ebr10428905
003 CaPaEBR
006 m u
007 cr cn|||||||||
008 100226s2010 lau sb s001 0 eng d
010 _z 2010006967
020 _z9780807136997 (cloth : alk. paper)
040 _aCaPaEBR
_cCaPaEBR
035 _a(OCoLC)680017788
050 1 4 _aE443
_b.F68 2010eb
082 0 4 _a261.8
_222
100 1 _aFountain, Daniel L.,
_d1967-
245 1 0 _aSlavery, Civil War, and salvation
_h[electronic resource] :
_bAfrican American slaves and Christianity, 1830-1870 /
_cDaniel L. Fountain.
260 _aBaton Rouge :
_bLouisiana State University Press,
_cc2010.
300 _axi, 159 p.
490 1 _aConflicting worlds
504 _aIncludes bibliographical references and index.
533 _aElectronic reproduction.
_bPalo Alto, Calif. :
_cebrary,
_d2011.
_nAvailable via World Wide Web.
_nAccess may be limited to ebrary affiliated libraries.
650 0 _aSlaves
_xReligious life
_zSouthern States
_xHistory
_y19th century.
650 0 _aAfrican Americans
_zSouthern States
_xReligion
_y19th century.
650 0 _aSlavery and the church
_zSouthern States
_xHistory
_y19th century.
650 0 _aChristian converts
_zSouthern States
_xHistory.
650 0 _aSlave narratives
_zSouthern States
_xHistory and criticism.
651 0 _aSouthern States
_xReligious life and customs.
655 7 _aElectronic books.
_2local
710 2 _aebrary, Inc.
830 0 _aConflicting worlds.
856 4 0 _uhttp://site.ebrary.com/lib/rucke/Doc?id=10428905
_zAn electronic book accessible through the World Wide Web; click to view
999 _c145232
_d145232